Movies Quiz

Random Movies or Oscar Quiz

Movies Hidden in Movies II Quiz Stats

Quiz Updated Nov 20, 2016

Challenge
Share
Tweet
Embed
Score 0/45 Timer 08:00
1 Play Today
Hint Answer % Correct
Movie Four: The SouthThe
96.7%
Movie Eight: AmbulanceThe
96.6%
Movie Nine: BilliardsThe
96.6%
Movie One: Prodigy Good
96.4%
Movie Six: Pearl HarborTo
95.6%
Movie Four: The SouthWith
95.4%
Movie Seven: Five PointsOf
94.6%
Movie Nine: BilliardsOf
94.6%
Movie Four: The SouthWind
92.4%
Movie Eight: AmbulanceDead
90.6%
Movie Four: The SouthGone
90.3%
Movie Six: Pearl HarborFrom
89.4%
Movie Three: RescueSaving
88.9%
Movie Nine: BilliardsColor
88%
Movie Six: Pearl HarborHere
87.7%
Movie Three: RescuePrivate
85.5%
Movie Five: ExpatAn
85.3%
Movie Five: ExpatIn
85%
Movie Three: RescueRyan
84.8%
Movie Two: Medal of HonorUnder
84.7%
Movie Five: ExpatParis
82.6%
Movie Eight: AmbulanceOut
81.6%
Movie Seven: Five PointsNew
79.5%
Hint Answer % Correct
Movie Two: Medal of HonorCourage
76.9%
Movie Two: Medal of HonorFire
76.7%
Movie One: Prodigy Will
76.3%
Movie Nine: BilliardsMoney
75.8%
Movie One: Prodigy Hunting
75.6%
Movie Five: ExpatAmerican
73.3%
Movie Seven: Five PointsYork
71.2%
Movie Six: Pearl HarborEternity
70.9%
Movie Three: RescueSpielberg
69.6%
Movie Eight: AmbulanceBringing
65.1%
Movie One: Prodigy Boston
64.7%
Movie Seven: Five PointsGangs
62.3%
Movie Two: Medal of HonorGulf War
62.2%
Movie Three: RescueMatt Damon
46.9%
Movie Four: The SouthTara
45.4%
Movie Seven: Five Points1860s
40.4%
Movie Six: Pearl Harbor1953
37.8%
Movie Five: ExpatGene Kelly
37.5%
Movie Nine: BilliardsThe Hustler
36.7%
Movie Eight: AmbulanceNicolas Cage
20%
Movie Nine: BilliardsMartin Scorsese
13.3%
Movie Six: Pearl HarborBest Picture
10.5%

You're not logged in!

Compare scores with friends on all Sporcle quizzes.
Join for Free
OR
Log In

You Might Also Like...

Show Comments

Extras

Top Quizzes Today


Score Distribution

Your Account Isn't Verified!

In order to create a playlist on Sporcle, you need to verify the email address you used during registration. Go to your Sporcle Settings to finish the process.

Report this User

Report this user for behavior that violates our Community Guidelines.

Details: